LEADER 03439oam 2200721I 450 001 9910778700203321 005 20230725041227.0 010 $a1-135-17613-2 010 $a1-135-17614-0 010 $a1-282-44372-0 010 $a9786612443725 024 7 $a10.4324/9780203092644 035 $a(CKB)1000000000811377 035 $a(EBL)455481 035 $a(OCoLC)609844542 035 $a(SSID)ssj0000363352 035 $a(PQKBManifestationID)11304673 035 $a(PQKBTitleCode)TC0000363352 035 $a(PQKBWorkID)10388182 035 $a(PQKB)10987427 035 $a(MiAaPQ)EBC455481 035 $a(Au-PeEL)EBL455481 035 $a(CaPaEBR)ebr10358622 035 $a(CaONFJC)MIL244372 035 $a(OCoLC)742296856 035 $a(OCoLC)893194508 035 $a(OCoLC)1226772881 035 $a(FINmELB)ELB149183 035 $a(EXLCZ)991000000000811377 100 $a20180706d2010 uy 0 101 0 $aeng 135 $aur|n|---||||| 181 $ctxt 182 $cc 183 $acr 200 10$aBad news /$fGlasgow University Media Group 210 1$aAbingdon, Oxon :$cRoutledge,$d2010. 215 $a1 online resource (409 p.) 225 1 $aRoutledge revivals 300 $aFirst published in 1980 by Routledge and Kegan Paul Limited. 300 $aVol. 2 has title: More bad news. 311 $a0-415-56790-4 311 $a0-415-56377-1 327 $aBook Cover; Title01; Copyright01; Title02; Copyright02; Contents; Acknowledgments; Introduction; Part I Reporting the Economic Crisis and the Social Contract: A Case Study; 1 Introduction: The Economic Background; 2 Wages and Prices Figures; 3 From Diagnosis to Prescription; 4 Pointing the Finger: Evaluations and Judgments; 5 'Who Gets On?': Conclusion; Part II Hear It This Way; 6 News Ideology: Neutrality and Naturalism; 7 Assembling the News Text; 8 News Talk: Vocabulary and Industrial Action; Part III See It This Way; 9 Measuring the Visuals; 10 Halting the Flow; 11 'Good Evening' 327 $a12 Still Life13 'Truth 24 Times a Second'-25 Times for Television; Conclusion: Ritual Tasks; Appendix A: Just One Week; Appendix B: Identifying Explanatory Themes; Appendix C: The Events of Sunday 11 May-Saturday 17 May 1975; Notes; Index 330 $aFirst published in 1980, More Bad News is the Second Volume in the research findings of the Glasgow University Media Group. It develops the analytic findings and methods of the first volume Bad News through a series of Case Studies of Television News Coverage, and argues that much of what passes as balanced and factual news reporting is produced from a highly partial viewpoint. Focusing on the British economy in crisis, and its thematic linkage with the Social Contract during the first four months of 1975, the book deals with three main levels of activity: th 410 0$aRoutledge revivals. 517 3 $aMore bad news 606 $aTelevision broadcasting of news$zGreat Britain 606 $aBroadcast journalism$zGreat Britain 606 $aJournalism$xObjectivity 615 0$aTelevision broadcasting of news 615 0$aBroadcast journalism 615 0$aJournalism$xObjectivity. 676 $a070.19 676 $a302.23450941 712 02$aGlasgow University Media Group. 801 0$bFlBoTFG 801 1$bFlBoTFG 906 $aBOOK 912 $a9910778700203321 996 $aBad News$91741290 997 $aUNINA LEADER 03118nam 22007095 450 001 9910863295803321 005 20251113192709.0 010 $a9789811577826 010 $a981157782X 024 7 $a10.1007/978-981-15-7782-6 035 $a(CKB)4100000011469465 035 $a(MiAaPQ)EBC6355538 035 $a(DE-He213)978-981-15-7782-6 035 $a(MiAaPQ)EBC6355481 035 $a(EXLCZ)994100000011469465 100 $a20200921d2020 u| 0 101 0 $aeng 135 $aurnn|008mamaa 181 $ctxt$2rdacontent 182 $cc$2rdamedia 183 $acr$2rdacarrier 200 10$aCoronavirus Outbreak and the Great Lockdown $eImpact on Oil Prices and Major Stock Markets Across the Globe /$fby Bhaskar Bagchi, Susmita Chatterjee, Raktim Ghosh, Dhrubaranjan Dandapat 205 $a1st ed. 2020. 210 1$aSingapore :$cSpringer Nature Singapore :$cImprint: Springer,$d2020. 215 $a1 online resource (XVIII, 112 p. 29 illus., 28 illus. in color.) 225 1 $aSpringerBriefs in Economics,$x2191-5512 311 08$a9789811577819 311 08$a9811577811 327 $aIntroduction -- Pandemics and Economic Crisis -- Impact of COVID-19 on Global Economy -- Plummeting Oil Prices and Oil Demand -- Major Stock Markets of the World: An Overview -- Literature Review -- Objectives and Methodology of the Study -- Analysis and Findings -- Conclusion. 330 $aThis book captures the dynamic relationship between COVID-19 pandemic, crude oil prices and major stock indices as well as the crude oil prices and stock market volatility that have been caused due to outbreak of this pandemic. The pandemic has changed the world melodramatically and major world markets collapsed in the beginning, affecting major industries in an unprecedented way. The book will be useful to the researcher in the field of finance and economics, and policy makers both at government and private level, keeping in view the present state of economy throughout the world. 410 0$aSpringerBriefs in Economics,$x2191-5512 606 $aFinance 606 $aInternational trade 606 $aInternational finance 606 $aInternational economic integration 606 $aGlobalization 606 $aEconometrics 606 $aFinancial Economics 606 $aInternational Trade 606 $aInternational Finance 606 $aEconomic Aspects of Globalization 606 $aEconometrics 615 0$aFinance. 615 0$aInternational trade. 615 0$aInternational finance. 615 0$aInternational economic integration. 615 0$aGlobalization. 615 0$aEconometrics. 615 14$aFinancial Economics. 615 24$aInternational Trade. 615 24$aInternational Finance. 615 24$aEconomic Aspects of Globalization. 615 24$aEconometrics. 676 $a332.642 700 $aBagchi$b Bhaskar$0856376 801 0$bMiAaPQ 801 1$bMiAaPQ 801 2$bMiAaPQ 906 $aBOOK 912 $a9910863295803321 996 $aCoronavirus outbreak and the great lockdown$91912495 997 $aUNINA